Oscar Niemeyer

Saved in:
Bibliografiske detaljer
Hovedforfatter: Botey, Josep María (Author)
Format: Bog
Sprog:spansk
engelsk
Udgivet: Barcelona Gustavo Gili 1997
Udgivelse:2a. ed
Serier:Obras y Proyectos
Fag:
Tags: Tilføj Tag
Ingen Tags, Vær først til at tagge denne postø!

MARC

LEADER 00000nam a2200000 a 4500
001 UCK2297
003 CL-VaPUC
005 20240703090313.0
008 041229e19970000SP |||||||||||||||||spa|d
999 |c 311880  |d 311878 
020 |a 8425215765 
040 |c Pontificia Universidad Católica de Valparaíso 
041 0 7 |a spa  |2 CL-VaPUC 
041 0 7 |a eng  |2 CL-VaPUC 
082 0 4 |a 720.981  |b BOT  |2 21 
100 0 |a Botey, Josep María  |e author  |9 490123 
245 1 0 |a Oscar Niemeyer 
250 |a 2a. ed 
260 |a Barcelona  |b Gustavo Gili  |c 1997 
300 |a 255 p 
490 0 |a Obras y Proyectos 
583 |a last modification  |c 20041229 00:00:00  |k Rodrigo Vera 
600 0 |a Niemeyer, Oscar  |d 1907-2012  |9 875840 
650 0 |a Arquitectos brasileños   |9 490125 
650 0 |a Arquitectura  |y Siglo 20  |9 266208 
650 0 |a Filosofía del arte  |9 264951 
650 0 |a Diseño arquitectónico   |9 265271 
942 |c BK  |2 ddc 
945 |d 20041229 00:00:00  |a cmena 
952 |0 0  |1 0  |4 0  |6 720_981000000000000_BOT_1997  |7 0  |8 A  |9 381575  |a BIBARQ  |b BIBARQ  |d 2019-11-21  |i 4086090  |l 11  |m 1  |o 720.981 BOT 1997  |p 4086090  |r 2025-01-20  |s 2023-10-17  |w 2019-11-21  |y BK  |k ARQ